|
|
|
|
| LEADER |
00000cam a2200000 a 4500 |
| 001 |
vtls008901224 |
| 003 |
SK-MaSNL |
| 005 |
20260301044143.0 |
| 008 |
240313s2006 xo d 000 0 slo |
| 015 |
|
|
|a SNBA2007/04-01612
|
| 020 |
|
|
|a 8080632162
|q (brož.)
|
| 035 |
|
|
|a 7813DDAE-40D3-4C7B-A398-F39448C94E88
|
| 035 |
|
|
|a urn:nbn:sk:snk-aml3iq
|
| 035 |
|
|
|a urn:nbn:sk:snk-am008k2l
|
| 040 |
|
|
|a SNK
|b slo
|c SNK
|e AACR2
|
| 041 |
0 |
|
|a slo
|
| 044 |
|
|
|a xo
|c SK
|
| 072 |
|
7 |
|a 616
|x Patológia. Klinická medicína
|2 konspekt
|
| 080 |
|
|
|a 613
|2 2001
|
| 080 |
|
|
|a 616-083
|2 2001
|
| 080 |
|
|
|a 616-083:316.72/.75
|2 2001
|
| 080 |
|
|
|a (048.8)
|2 2001
|
| 100 |
1 |
|
|a Líšková, Miroslava,
|d 1970-
|4 aut
|9 188816
|
| 245 |
1 |
0 |
|a Základy multikultúrneho ošetrovateľstva
|c Miroslava Líšková, Iveta Nádaská a kolektív
|
| 250 |
|
|
|a [1. vyd.]
|
| 260 |
|
|
|a Martin
|b Osveta
|c c2006
|
| 300 |
|
|
|a 69 s.
|c 24 cm
|
| 500 |
|
|
|a Určená študentom bakalárskeho štúdia na fakultách ošetrovateľstva a príbuzných odborov
|
| 504 |
|
|
|a Bibliogr. odkazy
|
| 650 |
0 |
7 |
|a starostlivosť o zdravie
|2 SNKPH
|9 1302
|
| 650 |
0 |
7 |
|a ošetrovateľstvo
|2 SNKPH
|9 2557
|
| 650 |
0 |
7 |
|a transkultúrne ošetrovateľstvo
|2 SNKPH
|9 82393
|
| 655 |
|
7 |
|a monografie
|2 SNKPH
|9 70139
|
| 700 |
1 |
|
|a Nádaská, Iveta
|4 aut
|9 71209
|
| 700 |
1 |
|
|a Krištofová, Erika,
|d 1960-
|4 aut
|9 188815
|
| 700 |
1 |
|
|a Pavelová, Ľuboslava,
|d 1974-
|4 aut
|9 188818
|
| 919 |
|
|
|a 80-8063-216-2
|
| 958 |
|
|
|a NB
|
| 958 |
|
|
|a MI
|
| 968 |
|
|
|d 61
|
| 999 |
|
|
|c 595337
|d 597267
|
| 952 |
|
|
|a SNK
|b SNK
|y PREZ
|7 0
|p 17A0541913
|o snkSC 126879
|i snk2007/5573
|8 0
|0 0
|1 0
|4 0
|d 2007-02-28
|f 1
|l 0
|r 2025-06-16 00:00:00
|w 2026-02-23
|
| 952 |
|
|
|a SNK
|b SNK
|y VYP
|7 0
|p 17A0541912
|o snkSC 126879 D1
|i snk2007/5574
|8 0
|0 0
|1 0
|4 0
|d 2007-02-28
|l 0
|r 2026-02-23 15:37:07
|w 2026-02-23
|